[Event "East Asia-ch U14 3rd"]
[Site "Shanghai"]
[Date "2018.08.09"]
[Round "9.1"]
[White "Gao, Linhao"]
[Black "Chinguun, Chinbat"]
[Result "1/2-1/2"]
[WhiteElo "1811"]
[BlackElo "1834"]
[PlyCount "38"]
[EventDate "2018.08.02"]
[EventType "swiss"]
[EventRounds "9"]
[EventCountry "CHN"]
[SourceTitle "EXT 2022"]
[Source "ChessBase"]
[SourceDate "2021.10.06"]
[SourceVersion "1"]
[SourceVersionDate "2021.10.06"]
[SourceQuality "1"]

1. e4 e6 2. d4 d5 3. Nc3 Nf6 4. Bg5 Bb4 5. e5 h6 6. exf6 hxg5 7. fxg7 Rg8 8. a3 Bxc3+ 9. bxc3 Qf6 10. Nf3 Nd7 11. Bb5 c6 12. Bd3 Qxg7 13. Qe2 c5 14. Bb5 a6 15. Bxd7+ Bxd7 16. Ne5 c4 17. Rb1 0-0-0 18. Qf3 f6 19. Nxc4 Bb5 1/2-1/2

[Event "East Asia-ch U14 3rd"]
[Site "Shanghai"]
[Date "2018.08.06"]
[Round "6.1"]
[White "Wang, Tiansheng"]
[Black "Gao, Linhao"]
[Result "1/2-1/2"]
[WhiteElo "1676"]
[BlackElo "1811"]
[PlyCount "29"]
[EventDate "2018.08.02"]
[EventType "swiss"]
[EventRounds "9"]
[EventCountry "CHN"]
[SourceTitle "EXT 2022"]
[Source "ChessBase"]
[SourceDate "2021.10.06"]
[SourceVersion "1"]
[SourceVersionDate "2021.10.06"]
[SourceQuality "1"]

1. e4 c5 2. Nf3 Nc6 3. d4 cxd4 4. Nxd4 g6 5. c4 Bg7 6. Be3 Nf6 7. Nc3 Ng4 8. Qxg4 Nxd4 9. Qd1 Ne6 10. Rc1 Qa5 11. Bd3 d6 12. 0-0 Bd7 13. f4 Bc6 14. Bb1 Nc5 15. Bd4 1/2-1/2

[Event "East Asia-ch U14 3rd"]
[Site "Shanghai"]
[Date "2018.08.03"]
[Round "2.2"]
[White "Lee, Gerent Chak Yan"]
[Black "Gao, Linhao"]
[Result "0-1"]
[WhiteElo "1540"]
[BlackElo "1811"]
[PlyCount "62"]
[EventDate "2018.08.02"]
[EventType "swiss"]
[EventRounds "9"]
[EventCountry "CHN"]
[SourceTitle "EXT 2022"]
[Source "ChessBase"]
[SourceDate "2021.10.06"]
[SourceVersion "1"]
[SourceVersionDate "2021.10.06"]
[SourceQuality "1"]

1. d4 Nf6 2. Nf3 e6 3. Bf4 b6 4. e3 Bb7 5. Nbd2 Be7 6. Bd3 h6 7. c3 d6 8. Qe2 g5 9. Bg3 g4 10. Nh4 Rg8 11. h3 h5 12. hxg4 hxg4 13. 0-0-0 Nc6 14. Nf1 Qd7 15. f3 0-0-0 16. fxg4 Rxg4 17. Bf2 Rdg8 18. Nh2 R4g7 19. Rhg1 Ng4 20. Nxg4 Rxg4 21. g3 Bf6 22. Qc2 Ne7 23. Be2 Be4 24. Qb3 R4g5 25. Nf3 Bxf3 26. Bxf3 Rf5 27. Qa3 Rxf3 28. Qxa7 Qc6 29. d5 Nxd5 30. e4 Nxc3 31. Bxb6 Nb5+ 0-1